Top 25 Biggest Cities in the World - Statistics

General Stats
  • This quiz has been taken 49 times
  • The average score is 17 of 25
Answer Stats
What Continent its from Answer % Correct
Asia Tokyo
95%
South America Rio de Janeiro
88%
Asia Beijing
85%
Asia Shanghai
85%
Africa Cairo
83%
Europe Moscow
83%
Asia New Delhi
83%
South America Sao Paulo
83%
South America Buenos Aires
80%
Eurasia Istanbul
80%
Asia Mumbai
80%
Asia Guangzhou
78%
Africa Lagos
76%
Asia Manila
76%
North America Mexico City
73%
Asia Kolkata
71%
Asia Osaka
68%
Asia Dhaka
61%
Asia Karachi
56%
Africa Kinshasa
51%
Asia Lahore
51%
Asia Bangalore
49%
Asia Shenzhen
39%
Asia Tianjin
39%
Asia Chongqing
34%
No matching quizzes found
Score Distribution
Percent of People with Each Score
Percentile by Number Answered
Your Score History
You have not taken this quiz